| 000 | 00732nam a2200265Ia 4500 | ||
|---|---|---|---|
| 001 | 16412 | ||
| 003 | GE_BSU | ||
| 008 | 181216s||||||||xx |||||||||||||| ||und|| | ||
| 020 | _a9781118420867(ebk) | ||
| 040 | _cGE_BSU | ||
| 080 | _a691 | ||
| 100 | _aAllen, Edward; Joseph Iano | ||
| 245 | _aFundamentals of Building Construction | ||
| 245 | _bMaterials and Methods | ||
| 250 | _aSIXTH Edition | ||
| 260 | _aUSA | ||
| 260 | _bWiley | ||
| 260 | _c2014 | ||
| 300 | _a1007 pages: ill;28cm | ||
| 541 | _h258gel. | ||
| 653 | _aFundamentals of Building Construction | ||
| 653 | _aმშენებლობა | ||
| 653 | _aსამშენებლო: მასალა და მეთოდები | ||
| 942 | _cBK | ||
| 999 |
_c49488 _d49488 |
||